Same Beginning: Elements and World Capitals Quiz Stats

 Plays Quiz Updated Nov 29, 2017

Score 0/16 Timer 03:00
1 Play Today
% Correct
Helium
87.5%
Dublin
86.3%
Tunis
81.3%
Helsinki
79.7%
Carbon
79%
Nickel
78%
Tungsten
77.2%
Moscow
74.7%
% Correct
Antimony
59.9%
Palladium
58.2%
Nicosia
56.3%
Caracas
41.7%
Dubnium
34.8%
Antananarivo
33.5%
Moscovium
24.7%
Palikir
20%

You're not logged in!

Compare scores with friends on all Sporcle quizzes.
OR
Log In

You Might Also Like...

Show Comments

Extras

Top Quizzes Today


Score Distribution

Your Account Isn't Verified!

In order to create a playlist on Sporcle, you need to verify the email address you used during registration. Go to your Sporcle Settings to finish the process.

Report this User

Report this user for behavior that violates our Community Guidelines.

Details: